00245 a2200085 450000500170000002000180001710000140003524500780004926000320012720251112152352.0 a9789369891733 aPandey S. aWings Of Valour: True Stories Of The Indian Air Force's Daring Operations b Harper Collins Indiac2025